Hommes et femmes du Moyen Âge : Histoire du genre XIIe-XVe siècle (notice n° 1925427)
[ vue normale ]
| 000 -LEADER | |
|---|---|
| fixed length control field | 01339cam a2200145 4500500 |
| 005 - DATE AND TIME OF LATEST TRANSACTION | |
| control field | 20260329023210.0 |
| 041 ## - LANGUAGE CODE | |
| Language code of text/sound track or separate title | fre |
| 042 ## - AUTHENTICATION CODE | |
| Authentication code | dc |
| 100 10 - MAIN ENTRY--PERSONAL NAME | |
| Personal name | Lett, Didier |
| Relator term | author |
| 245 00 - TITLE STATEMENT | |
| Title | Hommes et femmes du Moyen Âge : Histoire du genre XIIe-XVe siècle |
| 260 ## - PUBLICATION, DISTRIBUTION, ETC. | |
| Name of publisher, distributor, etc. | Armand Colin,<br/> |
| Date of publication, distribution, etc. | 2023.<br/> |
| 520 ## - SUMMARY, ETC. | |
| Summary, etc. | C’est une problématique essentielle pour l’étude historique de nos sociétés qui est interrogée ici : quels étaient la place et le statut des femmes et des hommes au Moyen Âge ? Quel rôle et quelle image les uns et les autres avaient-ils dans la vie quotidienne, au sein de la famille, du couple, mais aussi dans les institutions, les jeux de l’argent et du pouvoir ? Cet ouvrage offre une vision nouvelle de l’être féminin et masculin médiéval : par-delà la domination de l’homme alors que s’impose la loi salique, l’affirmation de la masculinité de l’activité intellectuelle et où s’affirme comme valeur première de l’aristocratie la virilité, il met également en lumière la réalité des genres et la façon dont se construisent les identités sexuées en fonction de l’âge et des catégories sociales. |
| 700 10 - ADDED ENTRY--PERSONAL NAME | |
| Personal name | Bührer-Thierry, Geneviève |
| Relator term | author |
| 856 41 - ELECTRONIC LOCATION AND ACCESS | |
| Uniform Resource Identifier | <a href="https://shs.cairn.info/hommes-et-femmes-du-moyen-age--9782200635664?lang=fr&redirect-ssocas=7080">https://shs.cairn.info/hommes-et-femmes-du-moyen-age--9782200635664?lang=fr&redirect-ssocas=7080</a> |
Pas d'exemplaire disponible.




Réseaux sociaux